Postavenie, funkcia a obsah činnosti metodického združenia na l. stupni základnej školy

Bibliographic Details
Main Author: Pavlov, Ivan, 1965- (Author)
Format: Article
Language:Slovak
Subjects:

MARC

LEADER 00000nab a2200000 a 4500
001 vtls001504895
003 SK-MaSNL
005 20260304144757.0
008 250505s19981999xo 000 0 slo
035 |a SPKCL7222 
035 |a urn:nbn:sk:snk-ab2gsa 
035 |a (urnnbn)urn:nbn:sk:snk:ar-a02el4 
035 |a (uuid)f83937a5-4192-4dbb-92d3-913e9da0c621 
040 |a SNKBUCL  |b slo  |c SNKBUCL  |e AACR2 
041 0 |a slo 
044 |a xo  |c SK 
080 |a 37.02:373.32  |2 1981 
100 1 |a Pavlov, Ivan,  |d 1965-  |4 aut  |9 119157 
245 1 0 |a Postavenie, funkcia a obsah činnosti metodického združenia na l. stupni základnej školy  |c Ivan Pavlov 
504 |a Bibliogr. odkazy 
650 0 7 |a metodické združenia  |2 snkbucl  |9 1090232 
650 0 7 |a základné školy  |2 snkbucl  |9 1280 
773 0 |t Naša škola  |g Roč. 2, č. 2 (1998/1999), s. 5-10 
850 |a Slovenská národná knižnica 
852 |a Slovenská národná knižnica 
954 |a odborná, vedecká literatúra pôvodná (slovenská)  |2 lita 
958 |a article27 
958 |a OND 
958 |a EUIPO 
999 |c 2933252  |d 2935182